Central Library OPAC University of Rajshahi
Normal view MARC view

Entry Topical Term

Number of records used in: 2

001 - CONTROL NUMBER

  • control field: 14498

003 - CONTROL NUMBER IDENTIFIER

  • control field: BD-RjUL

005 - DATE AND TIME OF LATEST TRANSACTION

  • control field: 20241201183532.0

008 - FIXED-LENGTH DATA ELEMENTS

  • fixed length control field: 241201|| aca||aabn | a|a d

040 ## - CATALOGING SOURCE

  • Original cataloging agency: BD-RjUL
  • Transcribing agency: BD-RjUL

150 ## - HEADING--TOPICAL TERM

  • Topical term or geographic name entry element: Nutrition
  • Form subdivision: School going children
  • Geographic subdivision: Rajshahi Division in Bangladesh

670 ## - SOURCE DATA FOUND

  • Source citation: Work cat.: (BD-RjUL)84399: Karim, Md. Reazul 11322, Modelling on factors influencing nutritional status and academic performance among school going children of Rajshahi Division in Bangladesh /, 2023